| 000 | 00684nam a22001697a 4500 | ||
|---|---|---|---|
| 003 | OSt | ||
| 005 | 20251204101608.0 | ||
| 008 | 251204b |||||||| |||| 00| 0 eng d | ||
| 040 | _cDCL | ||
| 082 | _a၂၉၄.၃၅၆ | ||
| 100 | _aယောဆရာတော်။ | ||
| 245 |
_aသမုဒ္ဒရာ ဝမ်းတစ်ထွာ / _cယောဆရာတော်။ |
||
| 260 |
_aရန်ကုန် ၊ _bရဲအောင်စာပေ၊ _c၂၀၀၀။ |
||
| 300 |
_a၁၄၅ စာမျက်နုာ ၊ _c၁၆ စင်တီ။ |
||
| 650 |
_aဗုဒ္ဓဘာသာ _vတရားတော်။ |
||
| 942 |
_2ddc _cSHORT TERM _n0 |
||
| 999 |
_c2657 _d2657 |
||